000 01395nam a2200325 i 4500
003 EG-GICUC
005 20260201164544.0
008 260201s2017 |||||||fr|||| 00| 0 ara d
017 _a2014/19135
040 _a EG-GICUC
_bara
_c EG-GICUC
_d EG-GICUC
_erda
041 _aara
082 0 4 _221
_a343.3
_bع ب . ش
092 0 4 _221
099 _aLaw1 10 343.3 ع ب . ش2017
100 0 _aعبدالرءوف مهدي
_eمؤلف.
245 1 0 _aشرح القواعد العامة للإجراءات الجنائية /
_cتأليف الدكتور عبدالرءوف مهدي.
264 1 _aالقاهرة :
_bدار النهضة العربية،
_c2017.
300 _a2138 صفحة ;
_c24 سم.
336 _2rda content
_atext
337 _2rda media
_aComputer
338 _2rda carrier
_aOnline Resource
500 _aالكتاب مزود بالتعديلات الدستورية في 18 يناير 2014 وأحكام النقض والدستورية العليا والمحكمة العليا للطعون العسكرية حتى سنة 2016.
504 _aيشتمل على إرجاعات ببليوجرافية.
546 _aالنص باللغة العربية
650 1 _aالقانون الجنائي
650 1 _a قانون الإجراءات الجنائية
856 4 0 _uhttps://fll.law.cu.edu.eg/fulltext/bks/B10-05278.pdf
905 _a43
942 _2ddc
_n0
_cBK
_e21
999 _c60187
_d60187